It looks like you're offline.
Open Library logo
additional options menu

MARC Record from Ithaca College Library

Record ID marc_ithaca_college/ic_marc.mrc:53053811:571
Source Ithaca College Library
Download Link /show-records/marc_ithaca_college/ic_marc.mrc:53053811:571?format=raw

LEADER: 00571cam a2200193I 4500
001 89742
005 19920722210736.0
008 741125s1955 nyu 000 0 rus
010 $a 54005784 $o01087074
035 $9AAK-5832
040 $aDLC$cCWR$dSER$dm.c.$dXIM
050 0 $aPG3420$b.R8
049 $aXIMM
100 1 $aTurgenev, Ivan Sergeevich,$d1818-1883.
245 10 $aRudin.$cEdited with an introd. by Galina Stilman.
260 $aNew York,$bColumbia University Press,$c1955.
300 $avii, 264 p.$c23 cm.
440 0 $aColumbia Slavic studies
500 $aText in Russian.